• 首页
  • 本馆介绍
  • 公告通知
  • 最新文献
  • 馆藏检索
  • 电子资源
  • 读者导购
  • 参考咨询
  • 我的图书馆
  • 登录
  • 详细信息显示
  • 放入我的书架
  • 预约/预借图书
  • 作者相关作品
  • 分类相关作品
  • 丛书相关作品
  • 出版社相关作品

书目信息

  • 表格格式
  • 工作单格式
  • 卡片格式
题名:
关键心态定制
    
 
作者: 中源 著
分册:  
出版信息: 广州   广东经济出版社  2016
页数: 216页
开本: 24cm
丛书名:
单 册:
中图分类: C933-49
科图分类:
主题词: 领导心理学--ling dao xin li xue--通俗读物
电子资源:
ISBN: 978-7-5454-4832-0
000 00776nam0 22002291 450
001 1754463137
005 20170516112211.0
010    @a978-7-5454-4832-0@b精装@dCNY58.00
100    @a20161031d2016 em y0chiy50 ea
101 0  @achi
102    @aCN@b440000
105    @aa z 000yy
106    @ar
200 1  @a关键心态定制@9guan jian xin tai ding zhi@f中源著
210    @a广州@c广东经济出版社@d2016
215    @a216页@c图,照片@d24cm
330    @a本书通过对人们心理、习惯、行为的研究,提出心态在很大程度上决定了我们人生的成败,并提出了一些科学有效的方法帮助人们人们获得心态的能量。
606 0  @a领导心理学@9ling dao xin li xue@j通俗读物
690    @aC933-49@v5
701  0 @a中源@9zhong yuan@4著
801  0 @aCN@b百万庄@c20170512
905    @b1004946-51@dC933-49@e573@f6
    
    关键心态定制/中源著.-广州:广东经济出版社,2016
    216页:图,照片;24cm
    
    
    ISBN 978-7-5454-4832-0(精装):CNY58.00
    本书通过对人们心理、习惯、行为的研究,提出心态在很大程度上决定了我们人生的成败,并提出了一些科学有效的方法帮助人们人们获得心态的能量。
●
相关链接 在E读中查询图书 在五车中查询图书 在当当中查询图书 在豆瓣中查询图书


正题名:关键心态定制     索取号:C933-49/573         预约/预借

序号 登录号 条形码 馆藏地/架位号 状态 备注
1 1004946   210049464   第一样本阅览室/ [索取号:C933-49/573] 在馆    
2 1004947   210049473   教育系资料室/ [索取号:C933-49/573] 在馆    
3 1004948   210049482   教育系资料室/ [索取号:C933-49/573] 在馆    
4 1004949   210049491   教育系资料室/ [索取号:C933-49/573] 在馆    
5 1004950   210049507   第一借阅区/ [索取号:C933-49/573] 在馆    
6 1004951   210049516   第一借阅区/ [索取号:C933-49/573] 在馆    
唐山师范学院图书馆 欢迎您!
大连网信软件有限公司© 版权所有